| 000 | 00593nam a22002057a 4500 | ||
|---|---|---|---|
| 999 |
_c3092 _d3092 |
||
| 005 | 20231005091643.0 | ||
| 008 | 231005b ||||| |||| 00| 0 eng d | ||
| 020 | _a9781250073334 | ||
| 040 | _cKH8 | ||
| 082 | _aFIC WHI | ||
| 100 |
_a White, Ruth, _d1942- _eAuthor |
||
| 245 |
_aThe treasure of way down deep / _cRuth White |
||
| 260 |
_aNew York, _bSquare Fish, _c2016 |
||
| 300 |
_a 165 pages : _c20 cm _emap ; |
||
| 521 | _a Ages 10-14. 850L | ||
| 650 | _aBoardinghouses | ||
| 650 |
_aBoardinghouses _vFiction |
||
| 650 |
_aBoardinghouses _v Juvenile _xfiction |
||
| 942 |
_2ddc _cFIC |
||